[Event "Championnat de France des Jeunes - Cadet"]
[Site "LA ROCHE SUR YON"]
[Date "2008.04.27"]
[Round "9.4"]
[White "Brih, Touatia"]
[Black "Vinckier, Delphine"]
[Result "0-1"]
[WhiteElo "1956"]
[BlackElo "1818"]
[PlyCount "135"]
[EventDate "2008.??.??"]

1. e4 e6 2. d4 d5 3. Nc3 dxe4 4. Nxe4 Bd7 5. Nf3 Bc6 6. Ng3 Nd7 7. c3 Ngf6 8.
Bd3 Bd6 9. Bg5 h6 10. Bxf6 Nxf6 11. Qc2 h5 12. O-O-O h4 13. Ne4 h3 14. g3 Ng4
15. Rhe1 Be7 16. Ne5 Nxe5 17. dxe5 Qd5 18. Kb1 Qxe5 19. f4 Qa5 20. Nf2 O-O-O
21. f5 e5 22. b4 Qa3 23. Qb3 Qxb3+ 24. axb3 f6 25. Bf1 Rxd1+ 26. Rxd1 Bg2 27.
Bc4 Rd8 28. Be6+ Kb8 29. Kc2 c6 30. Rxd8+ Bxd8 31. Kd3 Bb6 32. Ne4 Bg1 33. g4
Bxh2 34. g5 fxg5 35. Nxg5 Bf4 36. f6 gxf6 37. Nxh3 e4+ 38. Ke2 Bf3+ 39. Ke1 Be5
40. Kd2 Kc7 41. Nf2 Bf4+ 42. Kc2 e3 43. Nd3 Be4 44. Bg4 f5 45. Be2 Bg3 46. Kd1
f4 47. Nc5 Bg2 48. Ne6+ Kd6 49. Nd4 Be4 50. Nf3 b5 51. Ng5 Bd5 52. c4 bxc4 53.
bxc4 Bg8 54. c5+ Ke5 55. b5 cxb5 56. Bxb5 Bb3+ 57. Ke2 Kd5 58. c6 Kc5 59. c7
f3+ 60. Kxf3 Bxc7 61. Be8 Kd4 62. Ke2 Bc4+ 63. Kf3 e2 64. Kf2 Bg3+ 65. Kg2 Ke3
66. Nf3 Bd5 67. Kh3 Bxf3 68. Bb5 0-1

[Event "Championnat de France des Jeunes - Cadet"]
[Site "LA ROCHE SUR YON"]
[Date "2008.04.27"]
[Round "9.5"]
[White "Cechetto, Lea"]
[Black "Leriquier, Claire"]
[Result "1-0"]
[WhiteElo "1752"]
[BlackElo "1890"]
[PlyCount "91"]
[EventDate "2008.??.??"]

1. e4 c5 2. c3 Nf6 3. e5 Nd5 4. d4 cxd4 5. Nf3 Nc6 6. cxd4 g6 7. Nc3 Nb6 8. Bd3
Bg7 9. O-O O-O 10. Bf4 a6 11. Rc1 e6 12. a3 Ne7 13. Bg3 Nf5 14. Bf4 Qe7 15. Qb3
Qd8 16. a4 Ne7 17. Rc2 Ra7 18. Rfc1 Na8 19. Ne4 b6 20. Nd6 Bb7 21. Nxb7 Rxb7
22. Bxa6 Ra7 23. Be2 Qb8 24. Nd2 Nc7 25. Ne4 Ncd5 26. Bg3 Nf5 27. Rc4 Nxg3 28.
hxg3 Ne7 29. Rb4 Nd5 30. Rb5 Qa8 31. Nc3 Rc8 32. Ra1 Nxc3 33. bxc3 Rac7 34. Rc1
Qa6 35. Bf1 Ra8 36. Rb4 Qa7 37. Ra1 Rb8 38. a5 Rc6 39. Ra2 Qc7 40. c4 Bf8 41.
c5 Bxc5 42. dxc5 Rxc5 43. axb6 Qxe5 44. b7 Ra5 45. Rxa5 Qxa5 46. Rc4 1-0

[Event "Championnat de France des Jeunes - Minim"]
[Site "LA ROCHE SUR YON"]
[Date "2008.04.27"]
[Round "9.1"]
[White "Sochacki, Wojtek"]
[Black "Dubessay, Bastien"]
[Result "0-1"]
[WhiteElo "2245"]
[BlackElo "2097"]
[PlyCount "84"]
[EventDate "2008.??.??"]

1. e4 c5 2. Nf3 d6 3. d4 cxd4 4. Nxd4 Nf6 5. Nc3 a6 6. Bg5 e6 7. f4 b5 8. e5
dxe5 9. fxe5 Qc7 10. exf6 Qe5+ 11. Be2 Qxg5 12. Qd3 Qxf6 13. Rf1 Qe5 14. O-O-O
Ra7 15. Ndxb5 Qg5+ 16. Kb1 axb5 17. h4 Qe7 18. Bh5 g6 19. Nxb5 Rd7 20. Qc3 Ba6
21. Qxh8 Bxb5 22. Rxd7 Nxd7 23. c4 Bxc4 24. Rc1 Bd3+ 25. Ka1 Nc5 26. Bd1 Ba6
27. Qc3 Qd6 28. Qa5 Qd4 29. Bf3 Bd6 30. Qb6 Bc4 31. Rd1 Bd3 32. Rc1 Kf8 33.
Qd8+ Kg7 34. Qb6 e5 35. Rd1 Be7 36. h5 e4 37. Be2 Qa4 38. Bg4 e3 39. h6+ Kxh6
40. b4 e2 41. Bxe2 Bxe2 42. Rh1+ Kg7 0-1

[Event "Championnat de France des Jeunes - Minim"]
[Site "LA ROCHE SUR YON"]
[Date "2008.04.27"]
[Round "9.2"]
[White "Hoareau, William"]
[Black "Buscara, Sevan"]
[Result "1-0"]
[WhiteElo "2065"]
[BlackElo "2146"]
[PlyCount "114"]
[EventDate "2008.??.??"]

1. d4 d5 2. Nf3 Nf6 3. g3 Bf5 4. c4 c6 5. Nc3 e6 6. Qb3 Qb6 7. c5 Qc7 8. Bf4
Qc8 9. Bg2 Nbd7 10. O-O Be7 11. Rfc1 O-O 12. a4 b6 13. cxb6 axb6 14. Nb5 Qb7
15. Nd6 Bxd6 16. Bxd6 Rfc8 17. Nd2 Ra6 18. Bf1 Ra7 19. e3 Qa8 20. Ra3 Ne8 21.
Bf4 h6 22. h4 Kh8 23. Be2 c5 24. g4 Bg6 25. Bf3 cxd4 26. Rxc8 Qxc8 27. exd4
Qc1+ 28. Kg2 Nef6 29. Qc3 Qxc3 30. bxc3 Bc2 31. g5 hxg5 32. hxg5 Ng8 33. c4 Ne7
34. Ra2 Bd3 35. cxd5 Nxd5 36. Bxd5 exd5 37. Ra3 Bb5 38. Rh3+ Kg8 39. axb5 Ra4
40. Rd3 Rb4 41. Rb3 Rxd4 42. Be3 Ra4 43. Rd3 Ne5 44. Rxd5 Ng6 45. Kf3 Ra3 46.
Nc4 Rb3 47. Nxb6 Ne7 48. Rd8+ Kh7 49. Nd5 Ng6 50. b6 Ne5+ 51. Ke4 Ng4 52. Rd7
Kg6 53. b7 f5+ 54. gxf6 gxf6 55. Nf4+ Kg5 56. Rg7+ Kh4 57. Rh7+ Kg5 1-0

[Event "Championnat de France des Jeunes - Minim"]
[Site "LA ROCHE SUR YON"]
[Date "2008.04.27"]
[Round "9.3"]
[White "Velten, Paul"]
[Black "Samoun, Florent"]
[Result "1-0"]
[WhiteElo "2085"]
[BlackElo "1987"]
[PlyCount "91"]
[EventDate "2008.??.??"]

1. d4 d5 2. Nf3 Nf6 3. c4 e6 4. Bg5 c6 5. e3 Nbd7 6. Nc3 Qa5 7. Nd2 dxc4 8.
Bxf6 Nxf6 9. Nxc4 Qc7 10. Bd3 Bd6 11. e4 e5 12. f4 exd4 13. e5 Bb4 14. a3 Bg4
15. Be2 dxc3 16. axb4 cxb2 17. Rb1 Bxe2 18. Nd6+ Kf8 19. Qxe2 Nd5 20. Qxb2 Qb6
21. Ne4 Qb5 22. Qd4 Nb6 23. Nd6 Qd5 24. Qc5 Kg8 25. O-O Rb8 26. Rfd1 Qxc5+ 27.
bxc5 Nd5 28. Rxb7 Rxb7 29. Nxb7 g6 30. g3 Kg7 31. Ra1 Ra8 32. Kf2 Kf8 33. Kf3
Ke7 34. g4 f6 35. exf6+ Kxf6 36. Na5 Rc8 37. Nc4 Rc7 38. Nd6 Re7 39. Ne4+ Kg7
40. f5 gxf5 41. gxf5 Rf7 42. Rg1+ Kh6 43. Nd6 Re7 44. f6 Re3+ 45. Kf2 Re6 46.
Nf5+ 1-0

[Event "Championnat de France des Jeunes - Minim"]
[Site "LA ROCHE SUR YON"]
[Date "2008.04.27"]
[Round "9.4"]
[White "Fevre, Mathieu"]
[Black "Ludwig, Remi"]
[Result "0-1"]
[WhiteElo "2040"]
[BlackElo "2136"]
[PlyCount "110"]
[EventDate "2008.??.??"]

1. e4 c5 2. Nc3 e6 3. Nf3 a6 4. d4 cxd4 5. Nxd4 b5 6. g3 Bb7 7. Bg2 Nf6 8. a3
d6 9. O-O Be7 10. e5 Bxg2 11. exf6 Bxf1 12. fxe7 Qxe7 13. Qxf1 O-O 14. Be3 Rc8
15. Qg2 d5 16. Qf3 Nd7 17. Re1 Ne5 18. Qh5 Nc4 19. Bc1 Qa7 20. Qg4 Nd6 21. Be3
Rc4 22. Qf4 Qd7 23. Qe5 Rcc8 24. Bc1 Nc4 25. Qg5 Nd6 26. Nf3 f6 27. Qh5 a5 28.
Qh3 Ne4 29. Nd4 Nxc3 30. bxc3 Ra6 31. Rxe6 Rxe6 32. Qxe6+ Qxe6 33. Nxe6 Re8 34.
Be3 Rxe6 35. Kf1 Re4 36. Ke2 Ra4 37. Bc5 Rc4 38. Bd4 Kf7 39. Kd3 Ke6 40. Bb6
Ra4 41. Bc5 Kf5 42. f3 g5 43. Bd6 g4 44. f4 Rc4 45. Bb8 Re4 46. Kd2 Ra4 47. Bd6
Ke4 48. Be7 f5 49. Ke2 Rc4 50. Bf6 b4 51. axb4 axb4 52. cxb4 Rxc2+ 53. Kd1 Rxh2
54. b5 d4 55. b6 Rb2 0-1

[Event "Championnat de France des Jeunes - Minim"]
[Site "LA ROCHE SUR YON"]
[Date "2008.04.27"]
[Round "9.5"]
[White "Dionisi, Thomas"]
[Black "Di Nicolantonio, Lucas"]
[Result "0-1"]
[WhiteElo "2042"]
[BlackElo "1959"]
[PlyCount "56"]
[EventDate "2008.??.??"]

1. e4 c5 2. b3 Nf6 3. Nc3 d6 4. Bb2 Nc6 5. f4 Bg4 6. Be2 h5 7. h3 Bd7 8. Nf3 e6
9. O-O Be7 10. e5 Nd5 11. Ne4 Nxf4 12. exd6 Bf6 13. Nxf6+ gxf6 14. Ng5 e5 15.
Ne4 Nd4 16. Rxf4 exf4 17. Nxc5 Ne6 18. Ne4 Rh6 19. Bf3 Bc6 20. Qe2 f5 21. Nc3
Qxd6 22. Kh2 O-O-O 23. Nb5 Qc5 24. a4 Ng5 25. Bxc6 bxc6 26. Na3 f3 27. gxf3
Rxd2 28. Qxd2 Nxf3+ 0-1

[Event "Championnat de France des Jeunes - Minim"]
[Site "LA ROCHE SUR YON"]
[Date "2008.04.27"]
[Round "9.1"]
[White "Soubirou, Oriane"]
[Black "Forgues, Valerie"]
[Result "1/2-1/2"]
[WhiteElo "1820"]
[BlackElo "1970"]
[PlyCount "73"]
[EventDate "2008.??.??"]

1. e4 d6 2. d4 Nf6 3. Nc3 e5 4. dxe5 dxe5 5. Qxd8+ Kxd8 6. Bg5 Be6 7. O-O-O+
Nbd7 8. a3 a6 9. Nf3 Bd6 10. Bh4 Ke8 11. Ng5 Bg4 12. f3 Bh5 13. Nh3 h6 14. Be1
Nc5 15. Nf2 Ke7 16. g4 Bg6 17. h4 Rad8 18. Bc4 b5 19. Nd5+ Nxd5 20. Bxd5 Rb8
21. Nd3 Nxd3+ 22. Rxd3 f6 23. Bf2 a5 24. c4 bxc4 25. Bxc4 Bf7 26. Bxf7 Kxf7 27.
Rhd1 Rb7 28. Kc2 Rhb8 29. Rb1 Ke6 30. Rc3 Kd7 31. Bc5 Bxc5 32. Rxc5 Rb3 33.
Rxa5 Rxf3 34. Rd1+ Kc8 35. Rad5 Rf4 36. g5 Rxe4 37. gxh6 1/2-1/2

[Event "Championnat de France des Jeunes - Minim"]
[Site "LA ROCHE SUR YON"]
[Date "2008.04.27"]
[Round "9.2"]
[White "Lefevre, Margaux"]
[Black "Muller, Marion"]
[Result "0-1"]
[WhiteElo "1968"]
[BlackElo "1815"]
[PlyCount "108"]
[EventDate "2008.??.??"]

1. e4 c6 2. d4 d5 3. e5 Bf5 4. Nf3 e6 5. Be2 c5 6. Be3 Nd7 7. Nc3 Ne7 8. Nb5
Nc6 9. c4 cxd4 10. Nbxd4 Bb4+ 11. Bd2 Bxd2+ 12. Qxd2 Be4 13. cxd5 Bxd5 14. Nxc6
Bxc6 15. Qd6 Bxf3 16. Bxf3 Qa5+ 17. b4 Qxe5+ 18. Qxe5 Nxe5 19. Be4 O-O-O 20.
O-O Rd4 21. Rfe1 Nd3 22. Bxd3 Rxd3 23. Rac1+ Kb8 24. Rc2 Rhd8 25. Rce2 R8d4 26.
b5 Rd5 27. a4 R3d4 28. Ra2 Rd1 29. Kf1 Rxe1+ 30. Kxe1 Rd4 31. Ke2 Kc7 32. Ke3
e5 33. g3 Kb6 34. f4 f6 35. fxe5 fxe5 36. Rf2 Rxa4 37. Rf7 Rg4 38. Re7 e4 39.
Re5 h6 40. Rd5 Rg5 41. Rd7 Rxb5 42. Rxg7 Rc5 43. Kxe4 a5 44. Rg6+ Rc6 45. Rg8
a4 46. Ra8 Kb5 47. h4 Kb4 48. Rf8 a3 49. Rf2 Kb3 50. Rf7 b5 51. Rf3+ Rc3 52.
Rf5 b4 53. g4 a2 54. Rf1 Kb2 0-1

[Event "Championnat de France des Jeunes - Minim"]
[Site "LA ROCHE SUR YON"]
[Date "2008.04.27"]
[Round "9.3"]
[White "Dourerassou, Cynthia"]
[Black "Jeannerot, Lea"]
[Result "1-0"]
[WhiteElo "1909"]
[BlackElo "1946"]
[PlyCount "151"]
[EventDate "2008.??.??"]

1. e4 e5 2. Nf3 Nc6 3. Bb5 a6 4. Ba4 Nf6 5. O-O Be7 6. d3 b5 7. Bb3 d6 8. c3
O-O 9. Nbd2 Bg4 10. Re1 Nb8 11. Nf1 c5 12. h3 Bc8 13. d4 Nbd7 14. Ng3 Bb7 15.
Bc2 g6 16. b3 Re8 17. d5 Bf8 18. Nh2 Bc8 19. Be3 Bg7 20. Qd2 Rf8 21. Bh6 Nb6
22. Bxg7 Kxg7 23. f4 exf4 24. Qxf4 Re8 25. Rf1 Ra7 26. Rf2 Qe7 27. Raf1 Ng8 28.
Bd1 Qe5 29. Qf3 Rf8 30. Ng4 Qe7 31. Ne3 Qg5 32. Bc2 h5 33. Ne2 Re7 34. Nf4 Nd7
35. Nxh5+ Qxh5 36. Qxh5 gxh5 37. Nf5+ Kh8 38. Nxe7 Nxe7 39. Rxf7 Rxf7 40. Rxf7
Ng6 41. Bd1 Kg8 42. Rf2 Nde5 43. Bxh5 Kg7 44. Bxg6 Nxg6 45. a4 Ne5 46. axb5
axb5 47. Ra2 Kf6 48. Ra8 Bd7 49. Kh2 Ke7 50. g4 Be8 51. Kg3 c4 52. bxc4 bxc4
53. g5 Bg6 54. Ra7+ Kf8 55. Kf4 Nd3+ 56. Ke3 Ne5 57. Rc7 Ke8 58. Rb7 Kf8 59.
Rb1 Kf7 60. Rf1+ Ke7 61. Rf6 Bf7 62. Kd4 Nd7 63. Rf2 Ne5 64. Rf5 Bg6 65. Rxe5+
dxe5+ 66. Kxe5 Kd7 67. Kd4 Ke7 68. Kxc4 Bxe4 69. Kd4 Bg6 70. Ke5 Bd3 71. h4 Bg6
72. c4 Be8 73. c5 Bd7 74. c6 Bg4 75. d6+ Kf7 76. g6+ 1-0

[Event "Championnat de France des Jeunes - Minim"]
[Site "LA ROCHE SUR YON"]
[Date "2008.04.27"]
[Round "9.4"]
[White "Jolly, Marie"]
[Black "Thuret, Marine"]
[Result "0-1"]
[WhiteElo "1723"]
[BlackElo "1765"]
[PlyCount "76"]
[EventDate "2008.??.??"]

1. d4 Nf6 2. Nf3 g6 3. e3 Bg7 4. Bd3 d6 5. c3 O-O 6. Na3 Nbd7 7. Bd2 c6 8. Qe2
e5 9. Ng5 Ne8 10. h4 h6 11. Ne4 f5 12. Ng3 e4 13. Bc2 Nc7 14. O-O-O b5 15. f3
d5 16. Rdg1 Nb6 17. Nf1 a5 18. g4 fxg4 19. fxe4 Be6 20. e5 Bf5 21. e4 Be6 22.
exd5 Bxd5 23. Be4 h5 24. Bxd5+ Qxd5 25. Kb1 Na4 26. Qd3 Kh7 27. Ne3 Qd7 28. Rf1
Bxe5 29. Qe4 Bg7 30. Ng2 Rae8 31. Qd3 Ne6 32. Nc2 Nec5 33. Qg3 Ne4 34. Qe3
Nexc3+ 35. Qxc3 Nxc3+ 36. Bxc3 b4 37. Bd2 Rxf1+ 38. Rxf1 Re2 0-1

[Event "Championnat de France des Jeunes - Minim"]
[Site "LA ROCHE SUR YON"]
[Date "2008.04.27"]
[Round "9.5"]
[White "Copin, Oceane"]
[Black "Durot, Edwige"]
[Result "0-1"]
[WhiteElo "1720"]
[BlackElo "1757"]
[PlyCount "54"]
[EventDate "2008.??.??"]

1. d4 d5 2. Nf3 Nf6 3. c4 c6 4. Qc2 Bg4 5. Qb3 Qb6 6. Nbd2 Qxb3 7. axb3 e6 8.
g3 Bb4 9. Bg2 Nbd7 10. O-O O-O 11. h3 Bf5 12. Ra4 a5 13. Ra1 Ne4 14. Nxe4 Bxe4
15. Ne1 Nf6 16. Nd3 Bxd3 17. exd3 Ra6 18. Rd1 Rfa8 19. Bd2 Kf8 20. Ra4 b5 21.
Bxb4+ axb4 22. Rxb4 Ra1 23. Rxa1 Rxa1+ 24. Bf1 Ra5 25. cxb5 cxb5 26. f4 Nd7 27.
f5 Nb8 0-1

[Event "Championnat de France des Jeunes - Benja"]
[Site "LA ROCHE SUR YON"]
[Date "2008.04.27"]
[Round "9.1"]
[White "Sochacki, Christophe"]
[Black "Lagarde, Maxime"]
[Result "0-1"]
[WhiteElo "2185"]
[BlackElo "2308"]
[PlyCount "108"]
[EventDate "2008.??.??"]

1. e4 c5 2. Nf3 d6 3. d4 cxd4 4. Nxd4 Nf6 5. Nc3 a6 6. Bg5 e6 7. f4 Nc6 8. e5
h6 9. Bh4 g5 10. fxg5 Nd5 11. Nxc6 bxc6 12. Ne4 Qb6 13. Bd3 dxe5 14. g6 f5 15.
Nf6+ Nxf6 16. Bxf6 Rg8 17. Qh5 Qe3+ 18. Kd1 Bg7 19. Re1 Qd4 20. Bxg7 Rxg7 21.
Qxh6 e4 22. c3 Qf6 23. Be2 Ke7 24. Qe3 Qe5 25. Qg5+ Qf6 26. Qe3 Qxg6 27. Qc5+
Kf6 28. Qxc6 Bb7 29. Qd6 Qe8 30. Qd4+ e5 31. Qb6+ Qe6 32. Qxe6+ Kxe6 33. Bf1 f4
34. Kc2 e3 35. g3 Rh8 36. Bc4+ Kf5 37. gxf4 Rxh2+ 38. Kb3 exf4 39. Rad1 Rgg2
40. Rd7 Rxb2+ 41. Ka3 Bc6 42. Rf7+ Ke4 43. Rf1 Rbf2 44. Rb1 Kf3 45. Rb6 Rxa2+
46. Bxa2 Rxa2+ 47. Kxa2 Bd5+ 48. Kb2 Bxf7 49. Kc2 e2 50. Kd2 Kf2 51. Rb1 Bc4
52. Rh1 Kg2 53. Rh5 f3 54. Rg5+ Kf1 0-1

[Event "Championnat de France des Jeunes - Benja"]
[Site "LA ROCHE SUR YON"]
[Date "2008.04.27"]
[Round "9.2"]
[White "Muheim, Sebastien"]
[Black "Ider, Borya"]
[Result "1/2-1/2"]
[WhiteElo "1972"]
[BlackElo "2074"]
[PlyCount "127"]
[EventDate "2008.??.??"]

1. d4 d5 2. c4 e5 3. dxe5 d4 4. a3 Nc6 5. Bf4 Nge7 6. Nf3 Ng6 7. Bg3 a5 8. Qd3
Bg4 9. Nbd2 Qd7 10. h3 Bf5 11. e4 dxe3 12. Qxe3 b6 13. Ne4 Be7 14. Be2 O-O 15.
O-O a4 16. Rad1 Qc8 17. Kh1 Ra5 18. Rd5 Re8 19. Rxa5 Nxa5 20. Nd4 Bc5 21. Nxc5
bxc5 22. Nxf5 Qxf5 23. Bd3 Qd7 24. Bxg6 hxg6 25. Qxc5 Qd3 26. Re1 Nxc4 27. Qb5
Rd8 28. Rc1 Nd2 29. Qxd3 Rxd3 30. Rxc7 Ne4 31. Rc4 Rd1+ 32. Kh2 Nd2 33. Rc8+
Kh7 34. h4 Rb1 35. Rc2 Nb3 36. Bf4 Nd4 37. Rc4 Ne2 38. Rxa4 Rxb2 39. Be3 Ra2
40. Ra7 Nc3 41. Bc5 Ne4 42. Bd4 Nxf2 43. Bxf2 Rxf2 44. a4 Ra2 45. Kg3 g5 46.
hxg5 Kg6 47. Kf4 Rxg2 48. Ra6+ Kh5 49. g6 f6 50. exf6 Kxg6 51. fxg7+ Kxg7 52.
Ke5 Kf7 53. Ra7+ Ke8 54. Kd6 Rg6+ 55. Kc7 Rg1 56. Ra6 Rc1+ 57. Rc6 Ra1 58. Rc4
Ke7 59. Kb6 Kd6 60. a5 Rb1+ 61. Ka7 Rb2 62. a6 Rb1 63. Rc8 Kd7 64. Rc2 1/2-1/2

[Event "Championnat de France des Jeunes - Benja"]
[Site "LA ROCHE SUR YON"]
[Date "2008.04.27"]
[Round "9.3"]
[White "Brunier, Jules"]
[Black "Ane, Cedric"]
[Result "1/2-1/2"]
[WhiteElo "1886"]
[BlackElo "2020"]
[PlyCount "125"]
[EventDate "2008.??.??"]

1. e4 c5 2. c3 d5 3. exd5 Qxd5 4. d4 Nf6 5. Na3 cxd4 6. Nb5 Na6 7. Qxd4 Qxd4 8.
Nxd4 e5 9. Nb5 Be7 10. Nf3 e4 11. Nfd4 O-O 12. Bc4 Bd7 13. O-O Rfc8 14. b3 Nc5
15. Bf4 a6 16. Nd6 Bxd6 17. Bxd6 b5 18. Be2 Nb7 19. Be5 Rc5 20. Bxf6 gxf6 21.
c4 bxc4 22. Bxc4 Nd6 23. Be2 Nb5 24. Rfd1 Nc3 25. Rd2 Nxe2+ 26. Rxe2 f5 27. Rc2
Rxc2 28. Nxc2 Rc8 29. Ne3 Be6 30. g3 Kg7 31. Kf1 Kf6 32. Ke2 a5 33. Rd1 Ke5 34.
Rd2 f4 35. gxf4+ Kxf4 36. Nd5+ Ke5 37. Ne3 f5 38. Rc2 Kd4 39. Rxc8 Bxc8 40. Kd2
f4 41. Nc2+ Kc5 42. a3 Bf5 43. b4+ axb4 44. axb4+ Kc4 45. b5 Bd7 46. Na3+ Kb4
47. b6 Bc6 48. Nc2+ Kc5 49. f3 e3+ 50. Kc3 Kxb6 51. Nd4 Bd5 52. Ne2 Kc5 53.
Nxf4 Bc4 54. Ng2 e2 55. Kd2 Kd4 56. Ne1 Ke5 57. Ke3 Kf5 58. Nc2 Kg5 59. Kf2 Kh4
60. Nd4 Kh3 61. Nxe2 Kxh2 62. Nf4 h6 63. Nh5 1/2-1/2

[Event "Championnat de France des Jeunes - Benja"]
[Site "LA ROCHE SUR YON"]
[Date "2008.04.27"]
[Round "9.4"]
[White "Thon, Gabriel"]
[Black "Loiseau, Quentin"]
[Result "1-0"]
[WhiteElo "1925"]
[BlackElo "2012"]
[PlyCount "101"]
[EventDate "2008.??.??"]

1. e4 c5 2. Nf3 Nc6 3. d4 cxd4 4. Nxd4 Nf6 5. Nc3 e6 6. Nxc6 bxc6 7. e5 Nd5 8.
Ne4 Bb7 9. Be2 c5 10. O-O Qc7 11. c4 Qxe5 12. Bf3 Nb6 13. Re1 Qc7 14. b3 Be7
15. a4 Rd8 16. a5 Nc8 17. a6 Ba8 18. Nc3 Bxf3 19. Qxf3 Bf6 20. Nd5 Qd6 21.
Nxf6+ gxf6 22. Qxf6 Rg8 23. Bg5 Qe7 24. h4 Qxf6 25. Bxf6 Ne7 26. Ra5 Rc8 27.
Rb5 Nf5 28. Rb7 Ra8 29. h5 h6 30. Rd1 d6 31. Kh2 e5 32. Kh3 Nd4 33. g4 Ne6 34.
Rxd6 Nf4+ 35. Kh4 Ng2+ 36. Kg3 Nf4 37. Rxa7 Rc8 38. Rc7 Ra8 39. Kf3 Ne6 40.
Re7+ Kf8 41. Rb7 Nd4+ 42. Rxd4 exd4 43. a7 Ke8 44. Re7+ Kd8 45. Rxf7+ Kc8 46.
g5 Re8 47. gxh6 d3 48. Bg5 Re6 49. h7 Re8 50. h6 Rh8 51. Ke3 1-0

[Event "Championnat de France des Jeunes - Benja"]
[Site "LA ROCHE SUR YON"]
[Date "2008.04.27"]
[Round "9.5"]
[White "Feryn, Benjamin"]
[Black "Moussard, Jules"]
[Result "0-1"]
[WhiteElo "1899"]
[BlackElo "2283"]
[PlyCount "116"]
[EventDate "2008.??.??"]

1. e4 c5 2. Nf3 d6 3. d4 cxd4 4. Nxd4 Nf6 5. Nc3 a6 6. Bg5 Nc6 7. Qd2 e6 8. f4
Qc7 9. Nxc6 bxc6 10. O-O-O Be7 11. Be2 e5 12. f5 a5 13. g4 Rb8 14. b3 Qb7 15.
a4 Qb4 16. h4 Bd7 17. Bxf6 gxf6 18. Rdg1 Kd8 19. g5 Kc7 20. Rg3 Qa3+ 21. Kb1
Rb6 22. Bc4 Rhb8 23. Bxf7 d5 24. Bxd5 cxd5 25. Nxd5+ Kc8 26. Nxb6+ Rxb6 27.
Rc3+ Bc6 28. g6 hxg6 29. fxg6 Bf8 30. Qd5 Kb7 31. Qf7+ Ka6 32. g7 Bxg7 33. Qxg7
Bxe4 34. Rh2 Rxb3+ 35. Rxb3 Qxb3+ 36. Kc1 Qe3+ 37. Kb2 Qd4+ 38. Ka3 Qa1+ 39.
Kb3 Bd5+ 40. c4 Qb1+ 41. Kc3 Qb4+ 42. Kc2 Be4+ 43. Kd1 Qxa4+ 44. Ke1 Qa1+ 45.
Kf2 Qb2+ 46. Ke1 Qc1+ 47. Ke2 Qxc4+ 48. Kd1 Qb3+ 49. Kd2 Qc2+ 50. Ke1 Qxh2 51.
Qxf6+ Kb5 52. Qf1+ Kc5 53. Qf8+ Kd4 54. Qd6+ Bd5 55. Qb6+ Ke4 56. Qg6+ Ke3 57.
Qb6+ Kf3 58. Qf6+ Qf4 0-1

[Event "Championnat de France des Jeunes - Benja"]
[Site "LA ROCHE SUR YON"]
[Date "2008.04.27"]
[Round "9.1"]
[White "Gan, Grace"]
[Black "Haussernot, Cecile"]
[Result "1/2-1/2"]
[WhiteElo "1600"]
[BlackElo "1864"]
[PlyCount "94"]
[EventDate "2008.??.??"]

1. d4 Nf6 2. Nf3 g6 3. c3 Bg7 4. Bf4 d5 5. e3 O-O 6. Bd3 b6 7. Nbd2 c5 8. O-O
c4 9. Bc2 Bb7 10. b3 b5 11. a4 bxa4 12. bxc4 dxc4 13. Nxc4 Ba6 14. Bd3 Bxc4 15.
Bxc4 Nbd7 16. Qxa4 Nb6 17. Qb3 Nxc4 18. Qxc4 Nd5 19. Bg3 Rc8 20. Qd3 Nxc3 21.
Rxa7 e6 22. Rfa1 Qb6 23. h3 Qb2 24. Nd2 Nd5 25. Bd6 Rfd8 26. Bc5 Qc3 27. Qxc3
Nxc3 28. Be7 Re8 29. Rd7 Nd5 30. Bc5 Rxc5 31. Raa7 Rc1+ 32. Kh2 Rf8 33. Ne4 Nb6
34. Rdb7 Nc8 35. Ra6 h6 36. Ra2 Rd8 37. Nc5 Nd6 38. Rc7 Nc4 39. Raa7 Bf8 40.
Rxf7 Nd6 41. Rf6 Bg7 42. Rxg6 Ne8 43. Nxe6 Rd6 44. Re7 Rcc6 45. Rxe8+ Kf7 46.
Rxg7+ Kxe8 47. Nc5 Kf8 1/2-1/2

[Event "Championnat de France des Jeunes - Benja"]
[Site "LA ROCHE SUR YON"]
[Date "2008.04.27"]
[Round "9.2"]
[White "Neuhauser, Salome"]
[Black "Aflalo, Sophie"]
[Result "0-1"]
[WhiteElo "1945"]
[BlackElo "1959"]
[PlyCount "80"]
[EventDate "2008.??.??"]

1. e4 c5 2. Nf3 Nc6 3. d4 cxd4 4. Nxd4 Nf6 5. Nc3 e5 6. Ndb5 d6 7. Bg5 a6 8.
Na3 b5 9. Bxf6 gxf6 10. Nd5 Bg7 11. g3 Be6 12. Bg2 O-O 13. c3 Rc8 14. Nc2 f5
15. exf5 Bxf5 16. O-O Be6 17. Qd2 Na5 18. Qe2 Nc4 19. Nce3 f5 20. Rfd1 Kh8 21.
Nxc4 bxc4 22. Rd2 Bh6 23. f4 Bxd5 24. Rxd5 exf4 25. Qd2 Qb6+ 26. Rd4 Bg7 27.
gxf4 Bxd4+ 28. cxd4 Rb8 29. Rb1 Rfc8 30. Qc3 Qb4 31. Qc2 c3 32. Rd1 cxb2 33.
Qxf5 Rf8 34. Qb1 Rxf4 35. d5 Rc8 36. Bf1 Qc3 37. Rd3 Qc1 38. Rd1 Qxb1 39. Rxb1
Rxf1+ 40. Rxf1 Rc1 0-1

[Event "Championnat de France des Jeunes - Benja"]
[Site "LA ROCHE SUR YON"]
[Date "2008.04.27"]
[Round "9.3"]
[White "Andre, Severine"]
[Black "Alonso, Audrey"]
[Result "0-1"]
[WhiteElo "1733"]
[BlackElo "1530"]
[PlyCount "114"]
[EventDate "2008.??.??"]

1. e4 e5 2. Nc3 Bc5 3. Bc4 Nc6 4. d3 Na5 5. a3 Nxc4 6. dxc4 a6 7. b4 Bd4 8.
Nge2 Bxc3+ 9. Nxc3 d6 10. O-O Be6 11. Qd3 Ne7 12. Rd1 O-O 13. Be3 f5 14. Bg5
Qe8 15. Bxe7 Qxe7 16. Nd5 Qf7 17. Rd2 Rad8 18. Ne3 f4 19. Nd5 f3 20. Qxf3 Bxd5
21. cxd5 Qxf3 22. gxf3 Rxf3 23. Rd3 Rdf8 24. Rf1 g5 25. a4 g4 26. Re3 R8f4 27.
Rxf3 Rxf3 28. b5 Rc3 29. bxa6 bxa6 30. Rb1 a5 31. Rb8+ Kf7 32. Ra8 Rc5 33. Ra7
Ke7 34. Kg2 Rxc2 35. Rxa5 Rc4 36. f3 h5 37. h4 gxf3+ 38. Kxf3 Rc3+ 39. Kf2 Rh3
40. Ra8 Rxh4 41. Kf3 Rh3+ 42. Kf2 Ra3 43. a5 h4 44. Rh8 h3 45. a6 Rxa6 46. Rxh3
Ra2+ 47. Kg3 Ra3+ 48. Kg4 Rxh3 49. Kxh3 Kd7 50. Kg4 c6 51. dxc6+ Kxc6 52. Kf5
Kb5 53. Ke6 Kc5 54. Kf6 Kd4 55. Kf5 Ke3 56. Ke6 Kxe4 57. Kxd6 Kd4 0-1

[Event "Championnat de France des Jeunes - Benja"]
[Site "LA ROCHE SUR YON"]
[Date "2008.04.27"]
[Round "9.4"]
[White "Eid, Maha"]
[Black "Seelen, Amandine"]
[Result "1-0"]
[WhiteElo "1942"]
[BlackElo "1500"]
[PlyCount "41"]
[EventDate "2008.??.??"]

1. d4 d5 2. Nf3 Nf6 3. e3 e6 4. Bd3 c5 5. b3 Nc6 6. a3 Qb6 7. Bb2 Bd6 8. Nbd2
Bd7 9. O-O O-O 10. dxc5 Bxc5 11. e4 Ng4 12. Qe2 Nd4 13. Nxd4 Bxd4 14. Bxd4 Qxd4
15. Qxg4 f5 16. Qd1 fxe4 17. Be2 e3 18. Nf3 exf2+ 19. Rxf2 Qc5 20. b4 Qb6 21.
c4 1-0

[Event "Championnat de France des Jeunes - Benja"]
[Site "LA ROCHE SUR YON"]
[Date "2008.04.27"]
[Round "9.5"]
[White "Griggio, Julie"]
[Black "Lenoel, Marine"]
[Result "0-1"]
[WhiteElo "1800"]
[BlackElo "1641"]
[PlyCount "126"]
[EventDate "2008.??.??"]

1. e4 e5 2. Nf3 Nc6 3. Nc3 Nf6 4. d4 exd4 5. Nxd4 Bb4 6. Nxc6 bxc6 7. Bd3 Bxc3+
8. bxc3 d6 9. O-O O-O 10. Bg5 Re8 11. Re1 Rb8 12. f4 Qe7 13. e5 dxe5 14. fxe5
Qc5+ 15. Be3 Qxe5 16. Bxa7 Qxe1+ 17. Qxe1 Rxe1+ 18. Rxe1 Ra8 19. Bd4 Be6 20.
Be5 Rxa2 21. Bxc7 h6 22. Rb1 Kf8 23. Bd6+ Ke8 24. c4 Ra4 25. Rb4 Rxb4 26. Bxb4
g6 27. Bc3 Nd7 28. Be4 c5 29. Bg7 h5 30. Bd3 Nb6 31. Bh6 Bxc4 32. Be3 Bxd3 33.
cxd3 Nd7 34. Kf2 Ke7 35. d4 c4 36. Ke2 Ke6 37. Kd2 Kd5 38. Kc3 f6 39. h4 Nf8
40. g3 Ne6 41. Bf2 g5 42. Be3 gxh4 43. gxh4 Ng7 44. Bg1 f5 45. Be3 Ne6 46. Bf2
f4 47. Bg1 f3 48. Be3 Nf8 49. Bf2 Ne6 50. Be3 Nc7 51. Kd2 Ke4 52. Bf2 Nd5 53.
Bg1 Kf4 54. Bf2 Kg4 55. Be1 Kh3 56. Bf2 Kg2 57. Ke1 c3 58. Be3 Nxe3 59. d5 f2+
60. Ke2 Nxd5 61. Kd3 f1=Q+ 62. Kc2 Qc4 63. Kc1 c2 0-1